[Event "Sparkassen-Open A"]
[Site "Heusenstamm, Martinsee"]
[Date "2023.11.26"]
[Round "6.57"]
[White "Bräutigam, Thomas"]
[Black "Li, Yunqi"]
[Result "1/2-1/2"]
[WhiteElo "1992"]
[BlackElo "1576"]
[PlyCount "116"]
[EventDate "2023.??.??"]
[WhiteTeam "SV Würzburg von 1865 e.V."]
[BlackTeam "SF 59 Kornwestheim"]

1. d4 Nf6 2. Nf3 d5 3. g3 e6 4. Bg2 Be7 5. O-O O-O 6. c4 dxc4 7. a4 Nc6 8. Na3 Na5 9. Bf4 Nd5 10. Bd2 Nb3 11. Ra2 Nxd2 12. Qxd2 Bxa3 13. Rxa3 Qe7 14. Raa1 b6 15. Ne5 Ba6 16. Rfc1 Rac8 17. Nc6 Qd7 18. Ne5 Qe7 19. e4 Nf6 20. Nxc4 Rfd8 21. b3 c5 22. d5 Bxc4 23. bxc4 Ne8 24. Re1 e5 25. f4 Nd6 26. Qc3 Re8 27. f5 f6 28. Bf1 Rb8 29. Bd3 Rec8 30. Re2 h6 31. Rb2 Qc7 32. g4 a6 33. Rab1 b5 34. axb5 axb5 35. cxb5 c4 36. Bc2 Qc5+ 37. Kf1 Qd4 38. Qe1 c3 39. Rb4 Rc4 40. Rxc4 Nxc4 41. Rc1 Ne3+ 42. Ke2 Nxg4 43. Kf3 h5 44. h3 Nh6 45. Rd1 Qb4 46. Rb1 Qc5 47. Rb3 Rxb5 48. Rxc3 Qb6 49. Qe3 Nf7 50. Rc8+ Kh7 51. Qxb6 Rxb6 52. h4 Rd6 53. Rf8 Nd8 54. Ke3 Nb7 55. Bd1 Rd8 56. Rxd8 Nxd8 57. Bxh5 Kg8 58. Be2 Nb7 1/2-1/2

[Event "Sparkassen-Open A"]
[Site "Heusenstamm, Martinsee"]
[Date "2023.11.26"]
[Round "6.58"]
[White "Tremöhlen, Thomas"]
[Black "Klein, Levent"]
[Result "1/2-1/2"]
[WhiteElo "1976"]
[BlackElo "1607"]
[PlyCount "50"]
[EventDate "2023.??.??"]
[WhiteTeam "Sportgemeinschaft Kaarst 1912/35"]
[BlackTeam "SG Kaiserslautern 1905"]

1. Nf3 d5 2. b3 c6 3. Bb2 Nf6 4. e3 Bg4 5. Be2 Nbd7 6. d4 e6 7. Nbd2 Bd6 8. h3 Bh5 9. c4 Qc7 10. O-O O-O 11. c5 Be7 12. Qc2 b5 13. Bd3 Bg6 14. b4 Rfe8 15. Bxg6 hxg6 16. Ne5 Nxe5 17. dxe5 Nd7 18. f4 a5 19. a3 Ra7 20. Nb3 axb4 21. axb4 Rea8 22. Rxa7 Rxa7 23. Ra1 Rxa1+ 24. Bxa1 Qa7 25. Bc3 Qa4 1/2-1/2

[Event "Sparkassen-Open A"]
[Site "Heusenstamm, Martinsee"]
[Date "2023.11.26"]
[Round "6.59"]
[White "Buchinger, Alexis"]
[Black "Nickel, Jonas"]
[Result "0-1"]
[WhiteElo "1841"]
[BlackElo "1810"]
[PlyCount "100"]
[EventDate "2023.??.??"]
[WhiteTeam "SF Neuberg"]
[BlackTeam "Schachdrachen Büdingen-Wächtersb"]

1. d4 d5 2. Bf4 c5 3. e3 Nc6 4. c3 Qb6 5. Qb3 c4 6. Qc2 Nf6 7. Nd2 g6 8. e4 Nxe4 9. Nxe4 dxe4 10. Bxc4 Bg7 11. Qb3 Qxb3 12. axb3 e5 13. dxe5 Nxe5 14. Bb5+ Bd7 15. Bxe5 Bxe5 16. Bxd7+ Kxd7 17. O-O-O+ Kc7 18. f3 Bf4+ 19. Kc2 Rhe8 20. Ne2 Bh6 21. Nd4 exf3 22. gxf3 a6 23. Rd3 Bf4 24. h3 Re5 25. Rhd1 Rae8 26. b4 R8e7 27. c4 Rg5 28. b5 Rg2+ 29. Kb3 Be5 30. Re3 Rxb2+ 31. Ka3 Bd6+ 32. Kxb2 Rxe3 33. Ka2 Be5 34. Nc2 Rxf3 35. Nb4 axb5 36. cxb5 Rf2+ 37. Kb3 Rf3+ 38. Ka4 Rf4 39. Kb3 Rd4 40. Re1 f6 41. Re3 Kb6 42. Nc2 Rh4 43. Na3 Kc5 44. Ka2 Rb4 45. Re2 g5 46. Rd2 h5 47. Re2 Kd5 48. Rd2+ Ke4 49. Re2+ Kf3 50. Re3+ Kg2 0-1

[Event "Sparkassen-Open A"]
[Site "Heusenstamm, Martinsee"]
[Date "2023.11.26"]
[Round "6.60"]
[White "Woods, Yannick"]
[Black "Calvi, Stefan"]
[Result "0-1"]
[WhiteElo "1801"]
[BlackElo "1925"]
[PlyCount "144"]
[EventDate "2023.??.??"]
[WhiteTeam "Sligo Chess Club"]
[BlackTeam "SV Oberursel"]

1. d4 Nf6 2. Nf3 e6 3. c3 b6 4. g3 Bb7 5. Bg2 Be7 6. O-O O-O 7. Nbd2 d5 8. Ne5 c5 9. Ndf3 Nc6 10. e3 Ne4 11. Nxc6 Bxc6 12. a4 f6 13. Nd2 Nxd2 14. Qxd2 Qd7 15. Qc2 e5 16. dxe5 fxe5 17. Rd1 Qe6 18. e4 d4 19. f4 Rac8 20. fxe5 Qxe5 21. Bf4 Qh5 22. cxd4 cxd4 23. Kh1 Bc5 24. b4 Be7 25. Rac1 Rfd8 26. b5 Bb7 27. Qb3+ Qf7 28. Qxf7+ Kxf7 29. Rxc8 Bxc8 30. Bf3 Be6 31. Be5 Bf6 32. Bxf6 Kxf6 33. Kg2 Bb3 34. Rd2 Bxa4 35. Be2 Bb3 36. Bd3 Ke5 37. Rf2 Be6 38. Kf1 Rc8 39. Ke1 Rc3 40. Kd2 Ra3 41. Rf3 Ra2+ 42. Bc2 g6 43. Kc1 Bc4 44. Kb1 Ra5 45. Kc1 Rxb5 46. Kd2 a5 47. Rf8 d3 48. Bxd3 Bxd3 49. Kxd3 Rb3+ 50. Kc2 Re3 51. Rb8 Kxe4 52. Rxb6 Re2+ 53. Kd1 Rxh2 54. Rb5 Kf3 55. Rxa5 Kxg3 56. Ra3+ Kg4 57. Ke1 g5 58. Kf1 Kh4 59. Kg1 Rb2 60. Ra6 h5 61. Ra4+ g4 62. Ra5 g3 63. Ra4+ Kh3 64. Ra1 h4 65. Rc1 Rb4 66. Rd1 Kg4 67. Rf1 h3 68. Rc1 h2+ 69. Kg2 Rb2+ 70. Kh1 Kh3 71. Rc2 Rb1+ 72. Rc1 Rxc1# 0-1

[Event "Sparkassen-Open A"]
[Site "Heusenstamm, Martinsee"]
[Date "2023.11.26"]
[Round "6.61"]
[White "Fischermann, Simon"]
[Black "Hank, Holger"]
[Result "0-1"]
[WhiteElo "1634"]
[BlackElo "1951"]
[PlyCount "78"]
[EventDate "2023.??.??"]
[WhiteTeam "SG Porz e. V."]
[BlackTeam "Brühler SK 1920 e. V."]

1. e4 g6 2. d4 Bg7 3. Nc3 c6 4. Be3 d5 5. Nf3 dxe4 6. Nxe4 Nd7 7. c3 Ngf6 8. Ng3 Nd5 9. Bd3 Nxe3 10. fxe3 O-O 11. O-O Qb6 12. Qc2 c5 13. Kh1 e5 14. d5 f5 15. e4 f4 16. Ne2 h6 17. Nd2 g5 18. c4 Qg6 19. b4 b6 20. bxc5 Nxc5 21. Nb3 g4 22. Nxc5 bxc5 23. g3 f3 24. Nc3 h5 25. Na4 Bh6 26. Nxc5 Be3 27. Nb3 h4 28. Rae1 hxg3 29. Rxe3 g2+ 30. Kg1 gxf1=Q+ 31. Kxf1 g3 32. hxg3 Qh6 33. Qf2 Qh1+ 34. Qg1 Bh3+ 35. Kf2 Qg2+ 36. Qxg2 fxg2+ 37. Kg1 Rf1+ 38. Bxf1 gxf1=Q+ 39. Kh2 Qg2# 0-1

[Event "Sparkassen-Open A"]
[Site "Heusenstamm, Martinsee"]
[Date "2023.11.26"]
[Round "6.62"]
[White "Heppert, Lars"]
[Black "Sreeramulu, Aarush"]
[Result "1/2-1/2"]
[WhiteElo "1943"]
[BlackElo "1716"]
[PlyCount "83"]
[EventDate "2023.??.??"]
[WhiteTeam "SK Neuburg"]
[BlackTeam "SK Marburg 1931/72"]

1. Nf3 d5 2. e3 Nf6 3. c4 c6 4. Nc3 Bg4 5. cxd5 Bxf3 6. gxf3 cxd5 7. Qb3 Qd7 8. d4 Nc6 9. Bb5 a6 10. Bxc6 Qxc6 11. Bd2 e6 12. Rc1 b5 13. Ne4 Qb6 14. Nxf6+ gxf6 15. Bb4 Bd6 16. Qa3 Bxb4+ 17. Qxb4 a5 18. Qa3 b4 19. Qa4+ Ke7 20. Rc6 Qb7 21. Kd2 Rhc8 22. Rhc1 Rxc6 23. Rxc6 Ra6 24. Rc5 Qd7 25. Qc2 Ra7 26. Qxh7 Qa4 27. Rc8 Qxa2 28. Qh8 Qxb2+ 29. Kd1 Qb1+ 30. Ke2 Qb2+ 31. Kf1 Qb1+ 32. Kg2 Qg6+ 33. Kh3 Qf5+ 34. Kg2 Qg6+ 35. Kf1 Qb1+ 36. Ke2 Qb2+ 37. Kd1 Qb1+ 38. Kd2 Qa2+ 39. Rc2 b3 40. Rxa2 bxa2 41. Qb8 a1=Q 42. Qxa7+ 1/2-1/2

[Event "Sparkassen-Open A"]
[Site "Heusenstamm, Martinsee"]
[Date "2023.11.26"]
[Round "6.63"]
[White "Spelleken, Mark"]
[Black "Blaschke, Henri Johannes"]
[Result "0-1"]
[WhiteElo "1544"]
[BlackElo "1866"]
[PlyCount "184"]
[EventDate "2023.??.??"]
[WhiteTeam "SC Somborn 1933"]
[BlackTeam "SK Vellmar 1950"]

1. d4 Nf6 2. Bf4 e6 3. e3 c5 4. Nf3 b6 5. c4 cxd4 6. exd4 d6 7. Nc3 Be7 8. Bd3 O-O 9. h3 Bb7 10. O-O a6 11. Qe2 Nbd7 12. Rfe1 Re8 13. Ne4 Nxe4 14. Bxe4 Bxe4 15. Qxe4 d5 16. cxd5 Nf6 17. Qd3 Nxd5 18. Bd2 b5 19. a3 Rc8 20. Rac1 Qb6 21. b4 Qb7 22. Qe4 Rxc1 23. Rxc1 Rc8 24. Rxc8+ Qxc8 25. Ne5 Bf6 26. Ng4 Be7 27. Ne3 Qc6 28. Nxd5 Qxd5 29. Qxd5 exd5 30. Kf1 Bf6 31. Bc3 Kf8 32. Ke2 Ke7 33. g4 Ke6 34. Ke3 g6 35. f4 Bg7 36. Kf3 h5 37. Ke3 Bf6 38. g5 Bg7 39. h4 Kf5 40. Kf3 Bf8 41. Bb2 Bd6 42. Bc1 Bb8 43. Bd2 Bc7 44. Bc1 Bb6 45. Be3 a5 46. Bf2 axb4 47. axb4 Bc7 48. Be3 Bd6 49. Bd2 f6 50. gxf6 Kxf6 51. Ke2 Ke6 52. Ke3 Kf5 53. Kf3 Be7 54. Be1 Bf6 55. Bf2 Bg7 56. Be3 Bf8 57. Bd2 Bd6 58. Bc3 Bxf4 59. Be1 Bd6 60. Bd2 Be7 61. Be1 Bf6 62. Bf2 Bg7 63. Be3 Bf8 64. Bd2 Bd6 65. Bc3 Bc7 66. Be1 Bf4 67. Bc3 Bc1 68. Be1 Bb2 69. Ke3 Bc1+ 70. Kf3 g5 71. hxg5 Kxg5 72. Bg3 Bd2 73. Bd6 Bc3 74. Be7+ Kf5 75. Ke3 Kg4 76. Kd3 Be1 77. Ke2 Bh4 78. Bd6 Bf6 79. Ke3 h4 80. Ke2 Bxd4 81. Bc5 Be5 82. Ke3 h3 83. Bd4 Bxd4+ 84. Kxd4 h2 85. Kxd5 h1=Q+ 86. Kc5 Qf1 87. Kb6 Qc4 88. Ka5 Kf5 89. Ka6 Ke6 90. Kb6 Kd7 91. Ka5 Kc6 92. Ka6 Qa2# 0-1

[Event "Sparkassen-Open A"]
[Site "Heusenstamm, Martinsee"]
[Date "2023.11.26"]
[Round "6.64"]
[White "Piepenhagen, Eric"]
[Black "Mohr, Alwin"]
[Result "1/2-1/2"]
[WhiteElo "1838"]
[BlackElo "1614"]
[PlyCount "80"]
[EventDate "2023.??.??"]
[WhiteTeam "Niendorfer TSV 1919 SAbt"]
[BlackTeam "SV Oberursel"]

1. e4 e5 2. Nf3 Nc6 3. Nc3 Nf6 4. d4 exd4 5. Nxd4 Bb4 6. Nxc6 bxc6 7. Bd3 d5 8. exd5 cxd5 9. O-O O-O 10. h3 h6 11. Qf3 Be6 12. Bf4 c6 13. Rfd1 Bd6 14. Ne2 Rb8 15. b3 Rb7 16. c4 Rd7 17. Bxd6 Rxd6 18. c5 Rd7 19. Nd4 Rc7 20. b4 Qb8 21. Rab1 Bd7 22. Rb2 a5 23. a3 axb4 24. axb4 Qa7 25. Bf5 Bxf5 26. Nxf5 Kh7 27. Qf4 Ne4 28. f3 Ng5 29. Nd4 Kg8 30. Re1 Ne6 31. Nxe6 fxe6 32. Qd6 Rf6 33. Rxe6 Qa1+ 34. Kh2 Qxb2 35. Rxf6 Qxf6 36. Qxc7 Kf8 37. Qc8+ Kf7 38. Qd7+ Kf8 39. Qc8+ Kf7 40. Qd7+ Kf8 1/2-1/2

[Event "Sparkassen-Open A"]
[Site "Heusenstamm, Martinsee"]
[Date "2023.11.26"]
[Round "6.65"]
[White "Valean, David-Andrei"]
[Black "Wachsmann, Elmar"]
[Result "0-1"]
[WhiteElo "1572"]
[BlackElo "1908"]
[PlyCount "74"]
[EventDate "2023.??.??"]
[WhiteTeam "SK 1933 Bad Neustadt"]
[BlackTeam "SC Groß-Umstadt"]

1. e4 e5 2. Nf3 Nc6 3. Bb5 a6 4. Ba4 Nf6 5. d3 b5 6. Bb3 Be7 7. c3 O-O 8. O-O d6 9. Be3 Na5 10. Bc2 c5 11. Nbd2 Ng4 12. h3 Nxe3 13. fxe3 b4 14. d4 bxc3 15. bxc3 Qc7 16. d5 c4 17. Ba4 Qc5 18. Re1 Rb8 19. Rb1 Rxb1 20. Qxb1 Bd8 21. Qb4 Bb6 22. Kh2 Qc7 23. Nf1 Bc5 24. Qb2 Qe7 25. Qe2 f5 26. N1d2 fxe4 27. Nxe4 Ba7 28. Nfd2 Bb7 29. Nxc4 Nxc4 30. Qxc4 Qh4 31. Re2 Rf4 32. exf4 Qxf4+ 33. g3 Qf1 34. h4 h5 35. Nc5 Bxc5 36. Qe4 Qg1+ 37. Kh3 Bc8+ 0-1

[Event "Sparkassen-Open A"]
[Site "Heusenstamm, Martinsee"]
[Date "2023.11.26"]
[Round "6.66"]
[White "Baumgartl, Günther"]
[Black "Faßler, Felix"]
[Result "1-0"]
[WhiteElo "2040"]
[BlackElo "1606"]
[PlyCount "89"]
[EventDate "2023.??.??"]
[WhiteTeam "SC 1952 Obertshausen"]
[BlackTeam "SC Fulda"]

1. d4 d5 2. e4 dxe4 3. Nc3 Nf6 4. Bg5 Bf5 5. f3 e3 6. Bd3 Bxd3 7. Qxd3 e6 8. O-O-O Be7 9. Nge2 Nbd7 10. Qxe3 Nb6 11. Bxf6 gxf6 12. d5 e5 13. Rhe1 Qd7 14. Qe4 O-O-O 15. g4 h5 16. h3 hxg4 17. hxg4 Rh3 18. Rg1 Bc5 19. Rg2 Kb8 20. Qd3 Bf8 21. Ng3 Nc8 22. Nce4 Bh6+ 23. Kb1 Bg5 24. Qb3 Nd6 25. c4 Nxe4 26. Nxe4 Rdh8 27. Re2 Rh1 28. Nxg5 fxg5 29. Rxe5 f6 30. Re6 Qh7+ 31. Kc1 Qg6 32. Qc2 Qh6 33. Qe2 a6 34. Re8+ Rxe8 35. Qxe8+ Ka7 36. Qe3+ Kb8 37. c5 Rxd1+ 38. Kxd1 Qf8 39. b4 b6 40. Qd4 bxc5 41. bxc5 Kc8 42. Qc4 Kd8 43. Qxa6 Qxc5 44. Qxf6+ Kc8 45. Qxg5 1-0

[Event "Sparkassen-Open A"]
[Site "Heusenstamm, Martinsee"]
[Date "2023.11.26"]
[Round "6.67"]
[White "Mandalka, Justus"]
[Black "Stümer, Paul"]
[Result "1/2-1/2"]
[WhiteElo "1751"]
[BlackElo "2115"]
[PlyCount "127"]
[EventDate "2023.??.??"]
[WhiteTeam "SK Bad Homburg 1927"]
[BlackTeam "SV Bergneustadt/Dersch"]

1. e4 c5 2. Nf3 Nc6 3. d4 cxd4 4. Nxd4 g6 5. Be3 Bg7 6. Nc3 Nf6 7. Be2 O-O 8. O-O d5 9. exd5 Nxd5 10. Nxd5 Qxd5 11. Bf3 Qa5 12. Nxc6 bxc6 13. c3 Rb8 14. Qc2 Bf5 15. Qe2 c5 16. Bd5 Rfd8 17. Rfd1 h5 18. h3 Qc7 19. Bg5 Re8 20. Rd2 Qe5 21. Re1 Qxe2 22. Rexe2 e5 23. f3 Be6 24. Be3 Bf8 25. Bf2 Bh6 26. Rd1 c4 27. Bc6 Re7 28. Bc5 Rc7 29. Bd6 Rd8 30. Ba4 Rb7 31. Bxe5 Rxd1+ 32. Bxd1 Bc1 33. b4 cxb3 34. axb3 Rd7 35. Bc2 Bg5 36. Bd4 Re7 37. b4 h4 38. Re4 Rd7 39. f4 Be7 40. Ba4 Rc7 41. Be5 Rc8 42. Bb5 f6 43. Bxf6 Bxf6 44. Rxe6 Kf7 45. Ra6 Rxc3 46. Rxa7+ Ke6 47. Ra6+ Kf7 48. Rc6 Bd4+ 49. Kf1 Rxc6 50. Bxc6 Be3 51. f5 gxf5 52. Ke2 Bg1 53. Bd7 Kf6 54. Kd3 Ke5 55. Kc4 f4 56. Kb5 Kd6 57. Bg4 Kc7 58. Bf3 Bf2 59. Kc4 Kb6 60. Be2 Be1 61. b5 Bf2 62. Kd5 Bg3 63. Ke6 Kc5 64. Kf5 1/2-1/2

[Event "Sparkassen-Open A"]
[Site "Heusenstamm, Martinsee"]
[Date "2023.11.26"]
[Round "6.68"]
[White "Arkhipenko, Denis"]
[Black "Wahlund, Max"]
[Result "0-1"]
[WhiteElo "1658"]
[BlackElo "2079"]
[PlyCount "110"]
[EventDate "2023.??.??"]
[WhiteTeam "SC Heusenstamm"]
[BlackTeam "Europchess Brussels"]

1. d4 Nf6 2. Bf4 g6 3. e3 Bg7 4. c4 O-O 5. Nc3 c5 6. Nf3 Nc6 7. Be2 Nh5 8. Be5 Nxe5 9. dxe5 d6 10. exd6 exd6 11. Nd2 Bxc3 12. bxc3 Nf6 13. Bf3 Be6 14. O-O d5 15. cxd5 Bxd5 16. c4 Bxf3 17. Nxf3 Qe7 18. Qb3 Rfd8 19. Rfd1 b6 20. a4 Rxd1+ 21. Rxd1 Rd8 22. h3 Rxd1+ 23. Qxd1 Ne4 24. Qd5 h6 25. h4 Nc3 26. Qc6 Qe4 27. Qc8+ Kg7 28. Qd7 Qxc4 29. Qxa7 Qxa4 30. Qxb6 Qa1+ 31. Kh2 Ne4 32. Ng1 Qe5+ 33. f4 Qc3 34. Nf3 Qxe3 35. Qb2+ Qc3 36. Qxc3+ Nxc3 37. g3 Ne4 38. Ne5 Nd2 39. Kg2 f6 40. Ng4 c4 41. Ne3 c3 42. g4 Kf7 43. Kf2 Nc4 44. Nc2 Ke6 45. Ke2 Nb2 46. Nb4 Kd6 47. Nd3 Nxd3 48. Kxd3 Kd5 49. g5 fxg5 50. fxg5 hxg5 51. hxg5 Ke5 52. Kxc3 Kf5 53. Kd3 Kxg5 54. Ke3 Kg4 55. Kf2 Kh3 0-1

[Event "Sparkassen-Open A"]
[Site "Heusenstamm, Martinsee"]
[Date "2023.11.26"]
[Round "6.69"]
[White "Martin, Reiner"]
[Black "Auge, Hendrik"]
[Result "1/2-1/2"]
[WhiteElo "1966"]
[BlackElo "1820"]
[PlyCount "207"]
[EventDate "2023.??.??"]
[WhiteTeam "SC Bad Soden"]
[BlackTeam "FC Bayern München e.V."]

1. d4 d5 2. c4 e6 3. Nc3 Nf6 4. cxd5 exd5 5. Bg5 c6 6. Qc2 h6 7. Bh4 Be7 8. e3 O-O 9. Bd3 Re8 10. Nge2 a5 11. O-O b5 12. f3 Ba6 13. Kh1 b4 14. Na4 Bxd3 15. Qxd3 Nfd7 16. Bf2 Nb6 17. Nc5 Nc4 18. b3 Nd6 19. Qc2 Nd7 20. Nd3 Rc8 21. Ng3 Nf6 22. Rfe1 Bf8 23. Rad1 Nb5 24. Rd2 Nc3 25. Ne2 Nb5 26. Nc5 Nd6 27. Ng3 Nb5 28. e4 dxe4 29. fxe4 Ng4 30. Bg1 Qh4 31. Qd1 Nc3 32. Qf3 Rcd8 33. Nb7 Rd5 34. Rf1 Rd7 35. Nxa5 Qg5 36. Nc4 Nf6 37. Be3 Qh4 38. Ne5 Rc7 39. Nxf7 Ncxe4 40. Nxe4 Rxe4 41. Ne5 Bd6 42. g3 Qh3 43. Nc4 Rce7 44. Rg2 Bc7 45. Bd2 Nd5 46. Rgf2 Rxd4 47. Bxb4 Re6 48. Bc5 Rde4 49. Bd6 Bxd6 50. Nxd6 Re1 51. Qf8+ Kh7 52. Qf5+ Qxf5 53. Nxf5 Nb4 54. Kg2 R1e2 55. Nd4 Rxf2+ 56. Rxf2 Re4 57. Rd2 Nxa2 58. Nxc6 Nc3 59. Rc2 Nd5 60. Rb2 Re6 61. Nd4 Rb6 62. Kf3 Nb4 63. Ke4 Kg6 64. Nf3 Kf6 65. Kd4 Na6 66. Kc4 Rb4+ 67. Kc3 Re4 68. Nd4 Nc7 69. Kd3 Re8 70. Rf2+ Kg6 71. Rc2 Nd5 72. Rb2 Rb8 73. Kc4 Nb6+ 74. Kd3 Kf6 75. b4 Na4 76. Rb3 Nb6 77. b5 Kf7 78. Nc6 Rc8 79. Kd4 Ke6 80. Kc5 Na4+ 81. Kb4 Nb6 82. Ra3 Kd6 83. Ra6 Nd5+ 84. Kc4 Ne7 85. Kd4 Re8 86. Nb4+ Kc7 87. Kc5 Nc8 88. b6+ Kb7 89. Ra2 Nxb6 90. Kd6 Rf8 91. Re2 Rf6+ 92. Ke7 Nc8+ 93. Ke8 Nd6+ 94. Kd7 Nc8 95. Rc2 Rf7+ 96. Ke6 Rf6+ 97. Ke5 Nb6 98. Nd3 Nd7+ 99. Ke4 Rf8 100. Nf4 Rf6 101. g4 Rf7 102. Nd3 Rf8 103. Nf4 Nf6+ 104. Kf3 1/2-1/2

[Event "Sparkassen-Open A"]
[Site "Heusenstamm, Martinsee"]
[Date "2023.11.26"]
[Round "6.70"]
[White "Poetsch, Leonore"]
[Black "Meyer-Jany, Marcel"]
[Result "1-0"]
[WhiteElo "1957"]
[BlackElo "1778"]
[PlyCount "83"]
[EventDate "2023.??.??"]
[WhiteTeam "VSG 1880 Offenbach"]
[BlackTeam "SK Herborn 1946"]

1. e4 c6 2. Nf3 d5 3. Nc3 Bg4 4. h3 Bxf3 5. Qxf3 e6 6. exd5 cxd5 7. Bb5+ Nc6 8. O-O a6 9. Ba4 Bd6 10. Qg4 Qf6 11. d3 Nh6 12. Qg5 Qxg5 13. Bxg5 Nf5 14. Rfe1 O-O 15. Ne2 b5 16. Bb3 Nfd4 17. Nxd4 Nxd4 18. c3 Nxb3 19. axb3 e5 20. c4 f6 21. Bd2 Rfc8 22. Rec1 bxc4 23. bxc4 dxc4 24. dxc4 e4 25. b4 Be5 26. Ra2 Kf7 27. Kf1 Ke6 28. Ke2 g5 29. Be3 Bf4 30. c5 Kd5 31. g3 Be5 32. Ra5 Kc6 33. Rc4 Kd5 34. Rc2 Kc6 35. Rca2 Kb7 36. Bxg5 Bxg3 37. Bxf6 Rf8 38. fxg3 Rxf6 39. b5 Rf3 40. R2a3 Rxa3 41. Rxa3 axb5 42. c6+ 1-0

[Event "Sparkassen-Open A"]
[Site "Heusenstamm, Martinsee"]
[Date "2023.11.26"]
[Round "6.71"]
[White "Woestmann, Ulrich"]
[Black "Bahlo, Jens"]
[Result "1-0"]
[WhiteElo "1937"]
[BlackElo "1795"]
[PlyCount "55"]
[EventDate "2023.??.??"]
[WhiteTeam "SV Ahlen 1954 e. V."]
[BlackTeam "SK 1858 Gießen"]

1. e4 c5 2. Nc3 a6 3. g3 b5 4. Bg2 Bb7 5. d3 e6 6. Nf3 b4 7. Ne2 d5 8. exd5 exd5 9. d4 c4 10. c3 bxc3 11. Nxc3 Nf6 12. Ne5 Be7 13. Nxc4 O-O 14. O-O Nbd7 15. Ne5 Ne4 16. Nxd7 Nxc3 17. bxc3 Qxd7 18. Rb1 Bc6 19. Re1 Bb5 20. Bf1 Bxf1 21. Rxf1 Qc6 22. Rb3 Rfc8 23. Bd2 Bf6 24. Qf3 a5 25. Rfb1 a4 26. Rb6 Qc4 27. Rxf6 gxf6 28. Bh6 1-0

[Event "Sparkassen-Open A"]
[Site "Heusenstamm, Martinsee"]
[Date "2023.11.26"]
[Round "6.72"]
[White "Derr, Oleg"]
[Black "Mehlen, Theodor"]
[Result "1-0"]
[WhiteElo "1808"]
[BlackElo "1808"]
[PlyCount "83"]
[EventDate "2023.??.??"]
[WhiteTeam "VSG 1880 Offenbach"]
[BlackTeam "SC Matt im Park Ffm"]

1. d4 d5 2. c4 e6 3. Nc3 Nf6 4. cxd5 exd5 5. Bg5 c6 6. e3 Be7 7. Qc2 O-O 8. Bd3 h6 9. Bh4 Nbd7 10. Nf3 a5 11. a4 Re8 12. O-O Nh5 13. Bxe7 Qxe7 14. Rae1 Nhf6 15. e4 dxe4 16. Nxe4 Nxe4 17. Rxe4 Qd8 18. Rxe8+ Qxe8 19. Re1 Qf8 20. Bc4 Nb6 21. Bb3 Bd7 22. Ne5 Be6 23. Bxe6 fxe6 24. Qb3 Nd5 25. Qxb7 Rc8 26. Qd7 Qe8 27. Qxe8+ Rxe8 28. Nxc6 Kf7 29. Rc1 Nf4 30. Rc5 Nd3 31. Ne5+ Nxe5 32. dxe5 Rb8 33. Rb5 Rc8 34. g3 Rc4 35. Rxa5 Rb4 36. Ra7+ Kg6 37. a5 Rxb2 38. Re7 Kf5 39. Rxg7 Ra2 40. Rh7 Rxa5 41. Rxh6 Rxe5 42. Rh5+ 1-0

[Event "Sparkassen-Open A"]
[Site "Heusenstamm, Martinsee"]
[Date "2023.11.26"]
[Round "6.73"]
[White "Trumpp, Lothar"]
[Black "Werner, Rosalie"]
[Result "1/2-1/2"]
[WhiteElo "1885"]
[BlackElo "1687"]
[PlyCount "122"]
[EventDate "2023.??.??"]
[WhiteTeam "VSG 1880 Offenbach"]
[BlackTeam "VSG 1880 Offenbach"]

1. b3 d5 2. Bb2 c5 3. g3 Nc6 4. Bg2 Bf5 5. Nf3 e6 6. d3 Nf6 7. Nbd2 Be7 8. e3 O-O 9. O-O Rc8 10. Qe2 Bg6 11. h3 b5 12. a4 a6 13. axb5 axb5 14. e4 d4 15. Nh2 Nd7 16. f4 f6 17. g4 e5 18. f5 Bf7 19. Nhf3 Nb6 20. Ba3 c4 21. bxc4 bxc4 22. Rfb1 Bxa3 23. Rxa3 cxd3 24. cxd3 Qd6 25. Ra6 Nb4 26. Ra7 Na2 27. Ra1 Nc3 28. Qe1 Qc5 29. g5 Qb5 30. Bf1 Ra8 31. Qh4 Rxa7 32. Rxa7 Nc8 33. Rxf7 Kxf7 34. Qxh7 Ke8 35. Qxg7 Qd7 36. gxf6 Qxg7+ 37. fxg7 Rg8 38. Nxe5 Rxg7+ 39. Ng4 Nd6 40. Nf3 Ndb5 41. Kh2 Ra7 42. Kg3 Ra1 43. Ngh2 Nd1 44. h4 Ne3 45. Bh3 Ra3 46. Ne5 Nc3 47. h5 Nxe4+ 48. dxe4 Nxf5+ 49. Kg4 Nh6+ 50. Kh4 d3 51. Nhf3 Nf7 52. Nc4 Ra4 53. Ncd2 Nd6 54. Ng5 Nc4 55. h6 Kf8 56. Bf1 Nxd2 57. Bxd3 Ra3 58. Bb5 Ra5 59. Bd7 Rxg5 60. Kxg5 Nxe4+ 61. Kf5 Nd6+ 1/2-1/2

[Event "Sparkassen-Open A"]
[Site "Heusenstamm, Martinsee"]
[Date "2023.11.26"]
[Round "6.74"]
[White "Blomer, Moritz"]
[Black "Weyerer, Noah"]
[Result "1/2-1/2"]
[WhiteElo "1758"]
[BlackElo "1747"]
[PlyCount "37"]
[EventDate "2023.??.??"]
[WhiteTeam "SG Porz e. V."]
[BlackTeam "SV Oberursel"]

1. e4 e6 2. d3 d5 3. Nd2 Nf6 4. Ngf3 b6 5. exd5 exd5 6. d4 Bf5 7. Ne5 a6 8. g4 Bc8 9. Qe2 Be7 10. Bg2 Bb7 11. Nf1 Nc6 12. Nxc6 Bxc6 13. Ne3 Ne4 14. O-O O-O 15. Rd1 Bb7 16. c3 Re8 17. Qc2 Bh4 18. f3 Nd6 19. Nf5 1/2-1/2

[Event "Sparkassen-Open A"]
[Site "Heusenstamm, Martinsee"]
[Date "2023.11.26"]
[Round "6.75"]
[White "Kirchmann, Sascha"]
[Black "Reinecke, Katharina"]
[Result "0-1"]
[WhiteElo "1710"]
[BlackElo "1861"]
[PlyCount "106"]
[EventDate "2023.??.??"]
[WhiteTeam "SAbt SU Mühlheim"]
[BlackTeam "SK Langen"]

1. e4 c6 2. d4 d5 3. e5 Bf5 4. Ne2 e6 5. Ng3 Bg6 6. h4 h5 7. Bd3 Bxd3 8. cxd3 Qb6 9. Be3 Qxb2 10. Nd2 Qa3 11. Qe2 Nd7 12. O-O Ne7 13. Rfb1 b6 14. Rc1 c5 15. dxc5 bxc5 16. d4 Ng6 17. dxc5 Bxc5 18. Bxc5 Nxc5 19. Qb5+ Nd7 20. Nf3 Rb8 21. Qe2 O-O 22. Ng5 Nf4 23. Qd2 Qb4 24. Qe3 Ng6 25. Nf3 Nxh4 26. Qg5 Nxf3+ 27. gxf3 f6 28. exf6 Nxf6 29. Rc7 Rf7 30. Rxf7 Kxf7 31. Nxh5 Nxh5 32. Qxh5+ Kg8 33. Rc1 Qf4 34. Re1 Qf6 35. Qg4 e5 36. Rc1 d4 37. Rc7 a6 38. Rc8+ Rxc8 39. Qxc8+ Kf7 40. Qd7+ Kg6 41. Qd5 Qg5+ 42. Kf1 Qf6 43. Qe4+ Kh6 44. Ke2 Qe6 45. Qc2 Qb6 46. a4 a5 47. Qd2+ g5 48. Kd3 Qb3+ 49. Ke4 Qxa4 50. Kxe5 Qe8+ 51. Kd5 Qa8+ 52. Ke6 Qc6+ 53. Ke5 Qxf3 0-1

[Event "Sparkassen-Open A"]
[Site "Heusenstamm, Martinsee"]
[Date "2023.11.26"]
[Round "6.76"]
[White "Füssel, Jan Michael"]
[Black "Gajcin, Jasmina"]
[Result "1-0"]
[WhiteElo "1720"]
[BlackElo "1857"]
[PlyCount "49"]
[EventDate "2023.??.??"]
[WhiteTeam "SV Wersten 1964 e. V."]
[BlackTeam "Dublin Chess Club"]

1. b3 Nf6 2. Bb2 g6 3. e3 Bg7 4. Nf3 c5 5. c4 Nc6 6. Be2 O-O 7. O-O d5 8. d4 dxc4 9. Bxc4 cxd4 10. Nxd4 Qc7 11. Nxc6 Qxc6 12. f3 b5 13. Be2 Bb7 14. Nc3 a6 15. Rf2 Rfd8 16. Qe1 Qc5 17. Bf1 Bh6 18. Re2 Rd3 19. Nd1 Rad8 20. Rc1 Qb6 21. Kh1 Nd5 22. Rd2 Rxd2 23. Qxd2 Bxe3 24. Qc2 Rc8 25. Qxc8+ 1-0

[Event "Sparkassen-Open A"]
[Site "Heusenstamm, Martinsee"]
[Date "2023.11.26"]
[Round "6.77"]
[White "Gräf, Jakob Vincent"]
[Black "Mohr, Thomas"]
[Result "1/2-1/2"]
[WhiteElo "1691"]
[BlackElo "1857"]
[PlyCount "53"]
[EventDate "2023.??.??"]
[WhiteTeam "SV Frankfurt Nord 1926"]
[BlackTeam "SC FK Babenhausen 1994"]

1. e4 c5 2. Nf3 Nc6 3. d4 cxd4 4. Nxd4 Nf6 5. Nc3 d6 6. Bb5 Bd7 7. O-O a6 8. Nxc6 Bxc6 9. Bd3 e5 10. Bg5 Be7 11. Qd2 h6 12. Be3 Ng4 13. Rad1 Nxe3 14. Qxe3 O-O 15. Nd5 Bxd5 16. exd5 Bg5 17. Qh3 g6 18. g3 Qc8 19. Qxc8 Raxc8 20. h4 Bf6 21. b3 Rc3 22. Rde1 Bg7 23. f4 f5 24. fxe5 Bxe5 25. Kg2 Kg7 26. Re2 h5 27. Rf3 1/2-1/2

[Event "Sparkassen-Open A"]
[Site "Heusenstamm, Martinsee"]
[Date "2023.11.26"]
[Round "6.79"]
[White "von Beckh, Frieda"]
[Black "Peri, Jean-Christophe"]
[Result "1-0"]
[WhiteElo "1614"]
[BlackElo "1667"]
[PlyCount "45"]
[EventDate "2023.??.??"]
[WhiteTeam "SK Bad Homburg 1927"]
[BlackTeam "SK Herborn 1946"]

1. e4 c6 2. d4 d5 3. exd5 cxd5 4. Bd3 Nc6 5. c3 Nf6 6. Bf4 e6 7. Nf3 Be7 8. Nbd2 Nh5 9. Be5 Bd7 10. O-O Nxe5 11. Nxe5 Nf6 12. f4 h5 13. Ndf3 Ng4 14. Qe2 a6 15. h3 Nh6 16. Rae1 O-O 17. f5 Bb5 18. fxe6 Bxd3 19. exf7+ Nxf7 20. Qxd3 Bf6 21. Qg6 h4 22. Nxf7 Rxf7 23. Ng5 1-0